Rekordy na turniejach WCA - Statystyki

Ogólne statystyki
  • Ten quiz został rozwiązany 10 razy
  • Średni wynik to 10 z 17
Statystyki odpowiedzi
Singiel Średnia Konkurencja % Poprawnych
3.47Yusheng Du 5.08Max Park 3x3
83%
14Sebastiano Tronto 21.00Cale Schoon 3x3 FM
83%
6.82Max Park 8.65Patrick Ponce 3x3 OH
83%
0.49Maciej Czapiewski 1.02Zayn Khanani 2x2
67%
14.61Tommy Cherry 15.24Tommy Cherry 3x3 Blind
67%
16.79 Max Park 19.88Max Park 4x4
67%
33.02Max Park 38.45Max Park 5x5
67%
1:09.51Max Park 1:15.63Max Park 6x6
67%
1:40.89Max Park 1:46.57Max Park 7x7
67%
2.87 Yunhao Lou 3.86Yunhao Lou Clock
67%
62/6557:47 Graham Siggins - 3x3 Multiblind
50%
57.87Stanley Chapel 1:08.76Stanley Chapel 4x4 Blind
50%
25.24Juan Pablo Huanqui 29.27Leandro Martín López Megaminx
50%
0.91Dominik Górny 1.66Jasper Murray Pyraminx
50%
0.93Andrew Huang 1.84Zayn Khanani Skewb
50%
2:21.62Stanley Chapel 2:27.63Stanley Chapel 5x5 Blind
33%
4.37Sameer Aggarwal 5.02Max Siauw Square-1
33%
Nie znaleziono quizów pasujących do podanych kryteriów
Rozkład punktacji
Procent ludzi z każdym wynikiem
Percentyl według liczby udzielonych odpowiedzi
Twoja historia wyników
Nie rozwiązałeś tego quizu